Relationship between basic indicators of economic performance and GCI and HDI indexes in the case of EU-27 countries
Validácia predpokladu korelácie medzi indikátormi makroekonomickej výkonnosti a indexami GCI a HDI (zachytávanie a meranie globálnej konkurencieschopnosti a stavu ľudského rozvoja) v krajinách Európskej únie. Príspevok ako časť projektu VEGA č. 1/0031/17.
Salvato in:
| Autore principale: | |
|---|---|
| Altri autori: | , , |
| Natura: | Capitolo di libro |
| Lingua: | inglese |
| Soggetti: | |
| Tags: |
Nessun Tag, puoi essere il primo ad aggiungerne!!
|
MARC
| LEADER | 00000naa a2200000 4500 | ||
|---|---|---|---|
| 001 | 0239547 | ||
| 005 | 20220718122849.8 | ||
| 041 | 0 | |a eng | |
| 044 | |a SK | ||
| 245 | 1 | 0 | |a Relationship between basic indicators of economic performance and GCI and HDI indexes in the case of EU-27 countries |c Dominik Gira, Tomáš Valentiny, Jaroslava Hečková, Alexandra Chapčáková |
| 520 | |a Validácia predpokladu korelácie medzi indikátormi makroekonomickej výkonnosti a indexami GCI a HDI (zachytávanie a meranie globálnej konkurencieschopnosti a stavu ľudského rozvoja) v krajinách Európskej únie. Príspevok ako časť projektu VEGA č. 1/0031/17. | ||
| 610 | 2 | 0 | |a indexy |
| 610 | 2 | 0 | |a rozvoj sociálny |
| 610 | 2 | 0 | |a globalizácia hospodárstva |
| 610 | 2 | 0 | |a konkurencieschopnosť |
| 610 | 2 | 0 | |a makroekonomika |
| 610 | 2 | 0 | |a výkonnosť ekonomiky |
| 610 | 2 | 0 | |a korelácia |
| 610 | 2 | 0 | |a meranie konkurencieschopnosti |
| 610 | 2 | 0 | |a Európska únia |
| 100 | 1 | |a Gira, Dominik | |
| 700 | 1 | |a Valentiny, Tomáš | |
| 700 | 1 | |a Hečková, Jaroslava | |
| 700 | 1 | |a Chapčáková, Alexandra | |